Climate change adaptation and international development: making development cooperation more effective (Record no. 79403)

MARC details
000 -LEADER
fixed length control field 01011nam a2200205 a 4500
008 - FIXED-LENGTH DATA ELEMENTS--GENERAL INFORMATION
fixed length control field 120210s2011 ||||||||||||||||| || u
020 ## - INTERNATIONAL STANDARD BOOK NUMBER
International Standard Book Number 9781849711531
050 ## - LIBRARY OF CONGRESS CALL NUMBER
Classification number QC 903 Cli
100 ## - MAIN ENTRY--PERSONAL NAME
Personal name Fujikura, Ryo
245 10 - TITLE STATEMENT
Title Climate change adaptation and international development: making development cooperation more effective
Statement of responsibility, etc. edited by Ryo Fujikura and Masato Kawanishi
260 ## - PUBLICATION, DISTRIBUTION, ETC.
Place of publication, distribution, etc. London
Name of publisher, distributor, etc. Earthscan
Date of publication, distribution, etc. 2011
300 ## - PHYSICAL DESCRIPTION
Extent xxiv, 373p.: ill.
350 ## -
-- 0.00
500 ## - GENERAL NOTE
General note Bibliography
650 ## - SUBJECT ADDED ENTRY--TOPICAL TERM
Topical term or geographic name entry element CLIMATIC CHANGES--GOVERNMENT POLICY--INTERNATIONAL COOPERATION
650 ## - SUBJECT ADDED ENTRY--TOPICAL TERM
Topical term or geographic name entry element CLIMATIC CHANGES--POLITICAL ASPECTS--UNITED STATES
700 ## - ADDED ENTRY--PERSONAL NAME
Personal name Kawanishi, Masato
995 ## -
-- MAIN LIBRARY OPEN ACCESS
-- 0.00
-- 742996
-- CBU-MAIN LIBRARY (Kitwe)
-- 1
-- 0.00
-- QC 903 Cli
-- 2
-- AVAILABLE
-- Apr 2, 2012
-- 742996
-- Main Library Open Access Collection
995 ## -
-- MAIN LIBRARY OPEN ACCESS
-- 0.00
-- 742995
-- CBU-MAIN LIBRARY (Kitwe)
-- 1
-- 0.00
-- QC 903 Cli
-- 1
-- AVAILABLE
-- Apr 2, 2012
-- 742995
-- Main Library Open Access Collection
999 ## -
-- 79403
-- 79403
Holdings
Withdrawn status Lost status Source of classification or shelving scheme Damaged status Not for loan Permanent Location Current Location Shelving location Date acquired Total Checkouts Full call number Barcode Date last seen Date last checked out Copy number Price effective from Koha item type
          CBU-MAIN LIBRARY, KITWE. CBU-MAIN LIBRARY, KITWE.   06/29/2023 1 QC 903 Cli 742996 11/14/2025 11/12/2025 1 06/29/2023 MONOGRAPH
          CBU-MAIN LIBRARY, KITWE. CBU-MAIN LIBRARY, KITWE.   06/29/2023   QC 903 Cli 742995 06/29/2023   2 06/29/2023 MONOGRAPH